000 00312nam a22001337a 4500
008 170607b xxu||||| |||| 00| 0 eng d
020 _a0195110579
041 _aeng
080 _a94(100)
100 _a18
101 _aSHH
245 _aENCYCLOPEDIA OF U.S. FOREIGN RELATIONS
_cJENTLESON,B.W
942 _2udc
_cBK
999 _c16320
_d16320